Engineering materials: properties and section. (9th ed.) (Record no. 41954)

MARC details
000 -LEADER
fixed length control field 00640nam a2200169 a 4500
008 - FIXED-LENGTH DATA ELEMENTS--GENERAL INFORMATION
fixed length control field 130408s2010 ||||||||||||||||| || u
020 ## - INTERNATIONAL STANDARD BOOK NUMBER
International Standard Book Number 9780136109501
050 ## - LIBRARY OF CONGRESS CALL NUMBER
Classification number TA 403 Bud
100 ## - MAIN ENTRY--PERSONAL NAME
Personal name Budinski, Michael K
245 10 - TITLE STATEMENT
Title Engineering materials: properties and section. (9th ed.)
Statement of responsibility, etc. by Kenneth G Budinski and Michael K. Budinski
250 ## - EDITION STATEMENT
Edition statement 9th ed.
260 ## - PUBLICATION, DISTRIBUTION, ETC.
Place of publication, distribution, etc. New jersey:
Name of publisher, distributor, etc. Pearson
Date of publication, distribution, etc. 2010
300 ## - PHYSICAL DESCRIPTION
Extent x, 774p.:ill.
650 #0 - SUBJECT ADDED ENTRY--TOPICAL TERM
Topical term or geographic name entry element MATERIALS
700 ## - ADDED ENTRY--PERSONAL NAME
Personal name Budinski, Kenneth G
995 ## - RECOMMENDATION 995 [LOCAL, UNIMARC FRANCE]
-- CBU-MAIN LIBRARY (Kitwe)
-- 1
-- AVAILABLE
-- Jun 17, 2013
-- Main Library Open Access Collection
Holdings
Withdrawn status Lost status Source of classification or shelving scheme Damaged status Not for loan Home library Current library Shelving location Date acquired Total Checkouts Full call number Barcode Date last seen Price effective from Koha item type
          CBU-MAIN LIBRARY, KITWE. CBU-MAIN LIBRARY, KITWE.   11/30/2022   TA 403 Bud 743693 11/30/2022 11/30/2022 MONOGRAPH